000 00363pab a2200145 454500
008 180718b1983 xxu||||| |||| 00| 0 eng d
100 _aGordon, Charles
245 _aThe media and parliament in U.K.
260 _c1983
300 _a118-24
362 _aJune
650 _aLegislators - U.K.
773 _aJournal of Parliamentary Information
909 _a12584
999 _c12584
_d12584